Dunia Kita

Bibliographic Details
Format: Book
Published: s.l. : Time Life Asia , 1989
Series:Pustaka Asas Kanak-kanak
Subjects:

MARC

LEADER 00000cam a2200000 7i4500
001 0000007901
002 000008475
005 20010822.0
020 |a 0809480085 
090 0 0 |a 500   |b DUN 
245 0 0 |a Dunia Kita 
260 |a s.l. :   |b Time Life Asia ,   |c 1989 
300 |a 87 p. :   |b ill. ;   |c 30 cm. 
490 0 |a Pustaka Asas Kanak-kanak 
650 0 0 |a Life   |x Juvenile literature 
999 |a 00070984   |b BUKU   |c JUNIOR REFERENCE   |e PERPUSTAKAAN KOMUNITI PETALING JAYA 
999 |a 00105765   |b BUKU   |c JUNIOR REFERENCE   |e PERPUSTAKAAN KOMUNITI PETALING JAYA 
999 |a 10328   |b BUKU   |c PINJAMAN   |e PERPUSTAKAAN KOMUNITI PETALING JAYA